Statistiques concernant Filmographie de Sofia Coppola

Cliquez ici pour prendre le quiz!

Statistiques générales

  • Ce quiz a été pris 6 fois
  • Le résultat moyen est 6 sur 29

Statistiques - réponses

HintRéponse% Correct
Long métrage2003Lost in Translation
100%
Long métrage1999Virgin Suicides
100%
Actrice1974Le Parrain 2
80%
Actrice1990Le Parrain 3
80%
Long métrage2017Les Proies
60%
Long métrage2006Marie-Antoinette
60%
Long métrage2020On the Rocks
40%
Long métrage2023Priscilla
40%
Long métrage2013The Bling Ring
40%
Moyen métrage2015A Very Murray Christmas
20%
Long métrage2010Somewhere
20%
Actrice1987Anna
0%
Actrice1984Cotton Club
0%
Actrice2001CQ
0%
Clip1997Elektrobank
0%
Actrice1986 - 1987Faerie Tale Theatre
0%
Actrice1984Frankenweenie
0%
Clip2003I Just Don't Know What to Do with Myself
0%
Actrice1992Inside Monkey Zetterland
0%
Court métrage1998Lick the star
0%
Scénariste1989New York Stories
0%
Actrice1983Outsiders
0%
Actrice1986Peggy Sue s'est mariée
0%
Scénariste2003Platinum
0%
Actrice1983Rusty James
0%
Actrice1999Star Wars, épisode I : La Menace fantôme
0%
Actrice1990The Spirit of '76
0%
Actrice1988Tucker
0%
Actrice2022What We Do in the Shadows
0%

Distribution des résultats

Percentile par nombre de réponses

% des personnes avec chaque résultat

Votre développement - résultats

Vous n’avez pas pris ce quiz